| 000 | 01515cam a2200373 i 4500 | ||
|---|---|---|---|
| 999 |
_c1910 _d1910 |
||
| 001 | 2998593 | ||
| 003 | OCoLC | ||
| 005 | 20180921180259.0 | ||
| 008 | 770126s1976 ilu b 001 0 eng | ||
| 010 | _a 76021456 | ||
| 015 | _aB7719201 | ||
| 020 | _a0877847185 | ||
| 020 | _a9780877847182 | ||
| 020 | _a0851114008 | ||
| 020 | _a9780851114002 | ||
| 035 |
_a(OCoLC)2998593 _z(OCoLC)60046197 |
||
| 040 |
_aDLC _beng _cDLC _dMUQ _dNLGGC _dHNW _dWY@ _dIDI _dUKV3G _dNZASJ _dDEBBG _dOCLCO |
||
| 050 | 0 | 0 |
_aBT198 _b.M39 |
| 082 | 0 | 0 |
_a232 _219 _bM3671O |
| 092 |
_a232 _bM3683 |
||
| 100 | 1 | _aMarshall, I. Howard. | |
| 245 | 1 | 4 |
_aThe origins of New Testament christology / _cI. Howard Marshall. |
| 250 | _a1st ed. | ||
| 260 |
_aDowners Grove, Ill. : _bInterVarsity Press, _c1976. |
||
| 300 |
_a132 p. ; _c21 cm. |
||
| 490 | 1 | _aIssues in contemporary theology | |
| 504 | _aIncludes bibliographical references and index. | ||
| 505 | 0 | 0 |
_gIntroduction and survey -- _tThe early church -- _tDid Jesus have a Christology? -- _tWho is this Son of Man? -- _tAre you the Christ? -- _tJesus is Lord -- _tIf you are the Son of God -- _tAn unfinished task. |
| 600 | 0 | 0 |
_aJesus Christ _xHistory of doctrines _yEarly church, ca. 30-600. |
| 600 | 0 | 0 |
_aJesus Christ _xHistory of doctrines _y20th century. |
| 776 | 0 | 8 |
_iOnline version: _aMarshall, I. Howard. _tOrigins of New Testament christology. _b1st ed. _dDowners Grove, Ill. : InterVarsity Press, 1976 _w(OCoLC)760991832 |
| 830 | 0 | _aIssues in contemporary theology. | |
| 942 |
_2ddc _cBK |
||